Karnatakada kathe (Record no. 172390)

000 -LEADER
fixed length control field 00335nam a2200133Ia 4500
008 - FIXED-LENGTH DATA ELEMENTS--GENERAL INFORMATION
fixed length control field 220217s9999||||xx |||||||||||||| ||und||
020 ## - INTERNATIONAL STANDARD BOOK NUMBER
International Standard Book Number .
082 ## - DEWEY DECIMAL CLASSIFICATION NUMBER
Classification number 894.814 1 PUT
100 ## - MAIN ENTRY--PERSONAL NAME
Personal name Puttappa, Patila
9 (RLIN) 3669
245 #0 - TITLE STATEMENT
Title Karnatakada kathe
260 ## - PUBLICATION, DISTRIBUTION, ETC.
Place of publication, distribution, etc. SBS publishers
Name of publisher, distributor, etc. Bangalore
Date of publication, distribution, etc. 1991
300 ## - PHYSICAL DESCRIPTION
Other physical details 40
650 ## - SUBJECT ADDED ENTRY--TOPICAL TERM
Topical term or geographic name entry element GENERAL BOOKS
Holdings
Withdrawn status Lost status Damaged status Not for loan Collection code Home library Current library Shelving location Date acquired Full call number Barcode Date last seen Price effective from Koha item type
        Humanity Science Central Library Central Library Book Cart 02/18/2022 894.814 1 PUT 7579 12/14/2022 02/18/2022 Books

Powered by Koha